[Event "Romulus (RVO/2/3)"]
[Site "?"]
[Date "1994.??.??"]
[Round "?"]
[White "Jendras, Gerard"]
[Black "Thompson, Dexter"]
[Result "0-1"]
[WhiteElo "1845"]
[BlackElo "2215"]
[PlyCount "76"]
[EventDate "1994.??.??"]

{2/(3)} 1. e4 e5 2. Nf3 Nc6 3. Bc4 Nf6 4. d4 exd4 5. e5 d5 6. Bb5 Ne4 7. Nxd4
Bc5 8. O-O Bd7 9. Bxc6 bxc6 10. Nc3 Nxc3 11. bxc3 O-O 12. Rb1 Qe7 13. Bf4 Rab8
14. Qd3 Bb6 15. a4 a5 16. Rfe1 c5 17. Nb5 Bxb5 18. Rxb5 c6 19. Rbb1 c4 20. Qg3
Qe6 21. Be3 Bxe3 22. Qxe3 f6 23. f4 fxe5 24. fxe5 Rbe8 25. Rb7 Qf5 26. e6 Rf6
27. Qa7 Rg6 28. Rf7 Qg4 29. Qf2 Rgxe6 30. Rf1 h6 31. Rf8+ Kh7 32. Qf7 Rxf8 33.
Qxf8 Re2 34. Qf3 Qxf3 35. Rxf3 Rxc2 36. Rf7 Rxc3 37. Rc7 Ra3 38. Rxc6 Rxa4 0-1

[Event "Detroit (MCO/A/3a/5)"]
[Site "?"]
[Date "1994.??.??"]
[Round "?"]
[White "Jendras, Gerard"]
[Black "Smith, Walt"]
[Result "0-1"]
[WhiteElo "1845"]
[BlackElo "1925"]
[PlyCount "30"]
[EventDate "1994.??.??"]

1. e4 c5 2. Nf3 Nc6 3. d4 cxd4 4. Nxd4 Nf6 5. Nc3 g6 6. Be3 Bg7 7. f3 O-O 8.
Qd2 d5 9. Nxc6 bxc6 10. exd5 Nxd5 11. O-O-O Bxc3 12. bxc3 Qa5 13. Qd4 Nxc3 14.
Bc4 Bf5 15. Bh6 Qa3+ 0-1

[Event "Ann Arbor (HVA/5/2)"]
[Site "?"]
[Date "1994.??.??"]
[Round "?"]
[White "Jendras, Gerard"]
[Black "Santiago, Reynaldo"]
[Result "1-0"]
[WhiteElo "1845"]
[BlackElo "1995"]
[PlyCount "47"]
[EventDate "1994.??.??"]

{5/(2)} 1. e4 c5 2. Nf3 d6 3. d4 cxd4 4. Nxd4 Nf6 5. Nc3 a6 6. Bg5 e6 7. f4
Nbd7 8. Qf3 Qc7 9. O-O-O b5 10. e5 Bb7 11. Qg3 dxe5 12. fxe5 Qxe5 13. Bf4 Qc5
14. Be2 b4 15. Na4 Qa5 16. b3 e5 17. Rhe1 O-O-O 18. Bf3 exd4 19. Rxd4 Nb8 20.
Rc4+ Kd7 21. Bxb7 Be7 22. Bc7 Qb5 23. Bxb8 Qxb7 24. Rc7+ 1-0

[Event "Detroit (MI Op/4/20)"]
[Site "?"]
[Date "1994.??.??"]
[Round "?"]
[White "Jendras, Gerard"]
[Black "Robbins, Fred"]
[Result "1/2-1/2"]
[WhiteElo "1840"]
[BlackElo "2055"]
[PlyCount "111"]
[EventDate "1994.??.??"]

{4/(20)} 1. e4 Nf6 2. e5 Nd5 3. d4 d6 4. Nf3 Bg4 5. Be2 e6 6. O-O Be7 7. c4 Nb6
8. exd6 cxd6 9. Nc3 O-O 10. b3 N8d7 11. Bf4 a6 12. Rc1 Nf6 13. h3 Bh5 14. Re1
Re8 15. Bd3 Nbd7 16. Ne4 Qb6 17. Bxd6 Nxe4 18. Bxe7 Nxf2 19. Kxf2 Rxe7 20. g4
Bg6 21. Bxg6 hxg6 22. Kg2 Rae8 23. Ne5 Nxe5 24. Rxe5 f6 25. Re2 g5 26. Qd3 Kf7
27. d5 exd5 28. Qxd5+ Kf8 29. Rxe7 Rxe7 30. c5 Qc6 31. Qxc6 bxc6 32. Kf3 Rd7
33. Rc3 g6 34. Ke4 Kf7 35. a3 Rd5 36. b4 f5+ 37. Kf3 Rd4 38. Re3 f4 39. Rb3 Ke6
40. a4 Kd5 41. b5 cxb5 42. axb5 Kxc5 43. bxa6 Ra4 44. Rc3+ Kd5 45. Rb3 Rxa6 46.
Rb5+ Ke6 47. Rxg5 Kf6 48. h4 Ra4 49. Rd5 Rb4 50. Rd3 Ke7 51. Rd1 Ke6 52. Re1+
Kf6 53. Re8 g5 54. hxg5+ Kxg5 55. Re5+ Kg6 56. Rf5 1/2-1/2

[Event "Ann Arbor (MLS Jul-Aug)"]
[Site "?"]
[Date "1994.??.??"]
[Round "?"]
[White "Jendras, Gerard"]
[Black "Rajlich, Vasik"]
[Result "1/2-1/2"]
[WhiteElo "1855"]
[BlackElo "2130"]
[PlyCount "102"]
[EventDate "1994.??.??"]

1. e4 c5 2. Nc3 Nc6 3. g3 g6 4. Bg2 Bg7 5. d3 e6 6. Be3 Qa5 7. Nge2 Nge7 8. O-O
O-O 9. Qd2 Re8 10. f4 d5 11. exd5 exd5 12. Nd1 Qxd2 13. Bxd2 Bg4 14. Bf3 Bxf3
15. Rxf3 Nf5 16. Kf1 Rxe2 17. Kxe2 Ncd4+ 18. Kf2 Nxf3 19. Kxf3 Nd4+ 20. Kf2 Re8
21. Ne3 Nc6 22. Nxd5 Bxb2 23. Rb1 Bd4+ 24. Be3 Bxe3+ 25. Nxe3 b6 26. c3 Kf8 27.
Re1 b5 28. Nd5 Rxe1 29. Kxe1 b4 30. Kd2 a5 31. Nf6 Ke7 32. Ne4 bxc3+ 33. Kxc3
Nb4 34. Nxc5 Nxa2+ 35. Kc4 h6 36. d4 g5 37. fxg5 hxg5 38. Kb5 Nb4 39. Nb3 Kd6
40. Kxa5 Nc6+ 41. Kb5 Kd5 42. h4 gxh4 43. gxh4 Nxd4+ 44. Nxd4 Kxd4 45. h5 Ke5
46. Kc5 Ke6 47. Kd4 Kf5 48. h6 Kg6 49. Ke5 f6+ 50. Ke6 f5 51. h7 Kxh7 1/2-1/2

[Event "Detroit (MI Op/1a/19)"]
[Site "?"]
[Date "1994.??.??"]
[Round "?"]
[White "Jendras, Gerard"]
[Black "Profit, Brian"]
[Result "0-1"]
[WhiteElo "1840"]
[BlackElo "2070"]
[PlyCount "72"]
[EventDate "1994.??.??"]

1. e4 e6 2. d4 d5 3. Nd2 c5 4. exd5 Qxd5 5. Ngf3 cxd4 6. Bc4 Qd6 7. O-O Nf6 8.
Re1 Nc6 9. Nb3 a6 10. Nbxd4 Nxd4 11. Qxd4 Qxd4 12. Nxd4 Bd7 13. a4 O-O-O 14.
Bf4 Bc5 15. Nb3 Ba7 16. a5 Bc6 17. Be3 Bxe3 18. Rxe3 Nd5 19. Rg3 g6 20. Nd4 Ne7
21. c3 Bd5 22. Ra4 Kb8 23. Kf1 Bxc4+ 24. Rxc4 Rd5 25. b4 Nc8 26. Nb3 Rhd8 27.
Ke2 Nd6 28. Rd4 Nf5 29. Rxd5 Nxg3+ 30. hxg3 Rxd5 31. Nc5 Kc7 32. Ke3 Kc6 33.
Nd3 Kb5 34. f4 Kc4 35. Ne5+ Rxe5+ 36. fxe5 Kxc3 0-1

[Event "Detroit (MCO/A/5/13)"]
[Site "?"]
[Date "1994.??.??"]
[Round "?"]
[White "Jendras, Gerard"]
[Black "Morabito, Matthew"]
[Result "1-0"]
[WhiteElo "1845"]
[BlackElo "1890"]
[PlyCount "51"]
[EventDate "1994.??.??"]

{5/(13)} 1. e4 e5 2. Nf3 d6 3. d4 exd4 4. Qxd4 Nc6 5. Bb5 Bd7 6. Bxc6 bxc6 7.
Bg5 f6 8. Be3 Ne7 9. Nc3 Ng6 10. O-O-O Be7 11. h3 O-O 12. g4 a5 13. Nd2 a4 14.
f4 Kh8 15. Nf3 c5 16. Qd2 Bc6 17. h4 Re8 18. h5 Nf8 19. Nd5 a3 20. b3 c4 21.
Kb1 cxb3 22. cxb3 Qc8 23. Nh4 Bxd5 24. Qxd5 Qe6 25. Nf5 Bd8 26. Qxa8 1-0

[Event "Detroit (WCO/1/6)"]
[Site "?"]
[Date "1994.??.??"]
[Round "?"]
[White "Jendras, Gerard"]
[Black "Joyce, R."]
[Result "1-0"]
[WhiteElo "1905"]
[BlackElo "1605"]
[PlyCount "79"]
[EventDate "1994.??.??"]

{1/(6)} 1. e4 c6 2. Nc3 d5 3. d4 dxe4 4. Nxe4 Bf5 5. Nc5 Qb6 6. Nf3 Bg4 7. h3
Bxf3 8. Qxf3 e5 9. Qf5 exd4 10. Qc8+ Qd8 11. Qxd8+ Kxd8 12. Nxb7+ Kc7 13. Na5
Bb4+ 14. Bd2 Bxd2+ 15. Kxd2 Nf6 16. Bd3 Nbd7 17. Rhe1 g6 18. Re7 Rhf8 19. Bc4
Rab8 20. Nb3 Nd5 21. Bxd5 cxd5 22. Rae1 h5 23. Nc5 Rbd8 24. R1e5 Kc6 25. Nxd7
Rxd7 26. Rxd7 Kxd7 27. Rxd5+ Kc6 28. Rxd4 Kc5 29. Kd3 f5 30. c4 Kb4 31. Rd7 a5
32. Rb7+ Kc5 33. Rb5+ Kd6 34. Rxa5 Re8 35. Ra6+ Ke5 36. Rxg6 f4 37. Rg5+ Kf6
38. Rxh5 Rd8+ 39. Rd5 Rxd5+ 40. cxd5 1-0

[Event "Ann Arbor (HVA/4/3)"]
[Site "?"]
[Date "1994.??.??"]
[Round "?"]
[White "Jendras, Gerard"]
[Black "Jointer, William"]
[Result "1-0"]
[WhiteElo "1845"]
[BlackElo "1700"]
[PlyCount "109"]
[EventDate "1994.??.??"]

{4/(3)} 1. e4 g6 2. d4 Bg7 3. c4 d6 4. Nc3 Nf6 5. f3 O-O 6. Be3 a6 7. Bd3 Nbd7
8. Nge2 c5 9. Qd2 Rb8 10. O-O Qa5 11. Nd5 Qxd2 12. Nxe7+ Kh8 13. Bxd2 cxd4 14.
Rac1 Nc5 15. Bb1 Bd7 16. b4 Ne6 17. Rfd1 Ba4 18. Re1 b5 19. Bd3 Rfe8 20. Nd5
Nd7 21. cxb5 Ne5 22. Bb1 Bxb5 23. Nc7 Nxc7 24. Rxc7 Nc4 25. Bf4 Kg8 26. a4 d5
27. axb5 Rxb5 28. Bd3 Rxb4 29. exd5 Nb2 30. Bd2 Nxd3 31. Bxb4 Nxb4 32. d6 d3
33. d7 Rd8 34. Rc8 Bf6 35. Nc3 Kg7 36. Rxd8 Bxd8 37. Re8 Nc6 38. Kf1 Bg5 39.
Ne4 Bd8 40. Nd6 Nd4 41. Ke1 Ba5+ 42. Kd1 Nc6 43. Nb7 Bb4 44. Rc8 Ne7 45. Rc4 a5
46. d8=Q Nf5 47. Qb6 h5 48. g4 hxg4 49. fxg4 Ne7 50. g5 Nf5 51. Qf6+ Kg8 52.
Rc8+ Bf8 53. Nd6 Ne3+ 54. Kd2 Nf1+ 55. Kxd3 1-0

[Event "Detroit (MI Op/6/17)"]
[Site "?"]
[Date "1994.??.??"]
[Round "?"]
[White "Jendras, Gerard"]
[Black "Finegold, Gina"]
[Result "0-1"]
[WhiteElo "1840"]
[BlackElo "2090"]
[PlyCount "38"]
[EventDate "1994.??.??"]

{6/(17)} 1. e4 c5 2. Nf3 Nc6 3. d4 cxd4 4. Nxd4 g6 5. c4 Nf6 6. Nc3 d6 7. Be3
Ng4 8. Nxc6 bxc6 9. Bxa7 c5 10. Qa4+ Bd7 11. Nb5 Bg7 12. Be2 Ne5 13. O-O-O O-O
14. Qa6 Nc6 15. Qb6 Nxa7 16. Qxd8 Rfxd8 17. Kb1 Nxb5 18. cxb5 Rdb8 19. f4 Bxb5
0-1

[Event "Detroit (WCO/3/1)"]
[Site "?"]
[Date "1994.??.??"]
[Round "?"]
[White "Jendras, Gerard"]
[Black "Finegold, Ben"]
[Result "0-1"]
[WhiteElo "1905"]
[BlackElo "2580"]
[PlyCount "156"]
[EventDate "1994.??.??"]

{3/(1)} 1. e4 c5 2. Nf3 Nc6 3. d4 cxd4 4. Nxd4 g6 5. c4 Nf6 6. Nc3 d6 7. Be2
Nxd4 8. Qxd4 Bg7 9. Be3 O-O 10. Qd2 Qa5 11. Rc1 Be6 12. O-O a6 13. a3 Rfc8 14.
b4 Qd8 15. c5 dxc5 16. Qxd8+ Rxd8 17. Bxc5 Kf8 18. f3 Rd2 19. Be3 Rb2 20. Rb1
Nxe4 21. Rxb2 Nxc3 22. Rc1 Nd5 23. Rb3 Nxe3 24. Rxe3 Bd4 25. Kf2 Rc8 26. Rxc8+
Bxc8 27. f4 Ke8 28. Bf3 Kd7 29. Ke2 Bxe3 30. Kxe3 Kd6 31. Kd4 b6 32. g3 f6 33.
Bg2 Bd7 34. Bb7 Bb5 35. Bf3 Bc6 36. Be2 Bb7 37. Bd3 e5+ 38. fxe5+ fxe5+ 39. Ke3
a5 40. Bc2 Bd5 41. Bd3 Be6 42. Be4 Bf5 43. Bb7 Bb1 44. Bf3 Ke6 45. Bc6 Kf6 46.
h4 g5 47. Bb7 gxh4 48. gxh4 axb4 49. axb4 Kg6 50. Bf3 Kf5 51. Bd1 h6 52. Bh5 e4
53. Bd1 Ke5 54. Bb3 Kf5 55. Bd1 Bd3 56. Bh5 Bf1 57. Bd1 Bg2 58. Kf2 Bh1 59. Ke3
Ke5 60. Bb3 Bf3 61. Bc4 Kf5 62. Bd5 Kg4 63. Bxe4 Bxe4 64. Kxe4 Kxh4 65. Kf4 h5
66. b5 Kh3 67. Kf3 h4 68. Kf2 Kg4 69. Kg2 Kf4 70. Kh3 Ke4 71. Kxh4 Kd4 72. Kg4
Kc4 73. Kf3 Kxb5 74. Ke3 Kc4 75. Kd2 Kb3 76. Kc1 b5 77. Kb1 b4 78. Ka1 Kc2 0-1

[Event "Ann Arbor (MLS Jul-Aug)"]
[Site "?"]
[Date "1994.??.??"]
[Round "?"]
[White "Jendras, Gerard"]
[Black "Cooper, Stephen"]
[Result "1-0"]
[WhiteElo "1855"]
[BlackElo "1605"]
[PlyCount "51"]
[EventDate "1994.??.??"]

1. e4 e5 2. Nf3 Nc6 3. Bb5 a6 4. Ba4 b5 5. Bb3 Bb7 6. O-O d6 7. c3 h6 8. d4 f6
9. Nh4 Nge7 10. Qh5+ Kd7 11. Qg4+ Ke8 12. f4 Qb8 13. fxe5 dxe5 14. Be3 Bc8 15.
Qh5+ Kd8 16. Na3 Bd7 17. Rad1 Be8 18. dxe5+ Bd7 19. e6 Ne5 20. Rxd7+ Nxd7 21.
Rd1 g6 22. Rxd7+ Kc8 23. Qd1 Nc6 24. Rd8+ Nxd8 25. Qd7+ Kb7 26. Bd5+ 1-0

[Event "Ann Arbor (HVA/2/4)"]
[Site "?"]
[Date "1994.??.??"]
[Round "?"]
[White "Jendras, Gerard"]
[Black "Brotherton, D."]
[Result "1-0"]
[WhiteElo "1845"]
[BlackElo "1605"]
[PlyCount "63"]
[EventDate "1994.??.??"]

{2/(4)} 1. e4 c6 2. d4 d5 3. exd5 cxd5 4. Bd3 Nf6 5. c3 e6 6. Bf4 Be7 7. Nf3
Nbd7 8. O-O O-O 9. Nbd2 a6 10. Qc2 b5 11. Rfe1 Bb7 12. Ne5 Rc8 13. Ndf3 b4 14.
Ng5 g6 15. Bxg6 hxg6 16. Nxg6 Kg7 17. Nxf8 Kxf8 18. Rxe6 bxc3 19. Rae1 Bb4 20.
b3 Qa5 21. Nh7+ Nxh7 22. Bh6+ Kg8 23. Rg6+ Kh8 24. Bg7+ Kg8 25. Bh6+ Kh8 26.
Bg7+ Kg8 27. Bf6+ Kf8 28. Qc1 Ne5 29. Rxe5 Be7 30. Qh6+ Ke8 31. Rxe7+ Kd8 32.
Rg8+ 1-0

[Event "Detroit (MCO/A/1a/5)"]
[Site "?"]
[Date "1994.??.??"]
[Round "?"]
[White "Jendras, Gerard"]
[Black "Bauerle, Paul"]
[Result "1-0"]
[WhiteElo "1845"]
[BlackElo "1950"]
[PlyCount "79"]
[EventDate "1994.??.??"]

1. e4 e6 2. d4 d5 3. Nd2 Nf6 4. e5 Nfd7 5. Bd3 c5 6. c3 Nc6 7. Ne2 cxd4 8. cxd4
Bb4 9. O-O O-O 10. Nf3 f6 11. a3 Ba5 12. exf6 Nxf6 13. b4 Bc7 14. b5 Ne7 15.
Bf4 Ng4 16. Bxh7+ Kh8 17. Bxc7 Qxc7 18. Qc2 Qd6 19. h3 Rxf3 20. hxg4 Rf8 21. g3
Bd7 22. Kg2 Rac8 23. Qd3 Bxb5 24. Qxb5 Kxh7 25. Rh1+ Kg8 26. Qxb7 Rc2 27. Qb5
Rb8 28. Qd3 Rbb2 29. Rae1 Rd2 30. Qh7+ Kf7 31. Qh5+ Kf8 32. g5 Qa6 33. Qf3+ Nf5
34. g4 Rxe2 35. Rxe2 Qxe2 36. Qxe2 Rxe2 37. gxf5 exf5 38. Rh8+ Kf7 39. Rd8 Ke6
40. Re8+ 1-0

[Event "Romulus (RVO/4/34)"]
[Site "?"]
[Date "1994.??.??"]
[Round "?"]
[White "Jaynes, A."]
[Black "Mahabir, Jagdesh"]
[Result "0-1"]
[WhiteElo "1605"]
[BlackElo "1605"]
[PlyCount "54"]
[EventDate "1994.??.??"]

{4/(34)} 1. e4 d6 2. Nc3 Nf6 3. Nf3 g6 4. e5 dxe5 5. Nxe5 Bg7 6. Bc4 e6 7. d3
Nd5 8. Qd2 Bxe5 9. Nxd5 exd5 10. d4 Bg7 11. Bb3 Qe7+ 12. Qe3 Qxe3+ 13. Bxe3 Be6
14. O-O-O Nd7 15. Rhe1 a5 16. Bf4 c6 17. c3 a4 18. Bc2 O-O 19. Kb1 c5 20. b3
axb3 21. Bxb3 Bf5+ 22. Kb2 c4 23. Bc2 Bxc2 24. Kxc2 Rxa2+ 25. Kb1 Rfa8 26. Be5
Ra1+ 27. Kc2 R8a2# 0-1

[Event "Romulus (RVO/1/31)"]
[Site "?"]
[Date "1994.??.??"]
[Round "?"]
[White "Jaynes, A."]
[Black "Griffin, John"]
[Result "0-1"]
[WhiteElo "1605"]
[BlackElo "1605"]
[PlyCount "80"]
[EventDate "1994.??.??"]

{1/(31)} 1. e4 c5 2. Nf3 Nc6 3. b3 e6 4. Nc3 a6 5. d3 g6 6. e5 Bg7 7. Bg5 f6 8.
exf6 Nxf6 9. d4 cxd4 10. Nxd4 O-O 11. Nxc6 bxc6 12. Ne4 Qa5+ 13. Qd2 Qxd2+ 14.
Nxd2 Ng4 15. Be7 Rf7 16. Bc5 Bxa1 17. f3 Rf5 18. Ne4 Nf6 19. g4 Rxf3 20. Be7
Re3+ 21. Be2 Rxe4 22. Kd2 Rd4+ 23. Bd3 Bb2 24. Bxf6 Rxd3+ 25. Kxd3 Bxf6 26. Rf1
Kg7 27. c4 d5 28. cxd5 exd5 29. Re1 Bxg4 30. a4 Bf5+ 31. Kd2 Rb8 32. Rf1 Rxb3
33. Ke2 Bd3+ 34. Kd2 Bxf1 35. Kc2 Bc4 36. a5 Rb2+ 37. Kc1 Bc3 38. h4 Re2 39.
Kb1 Bd3+ 40. Kc1 Re1# 0-1

[Event "Romulus (RVO/2/34)"]
[Site "?"]
[Date "1994.??.??"]
[Round "?"]
[White "Jaynes, A."]
[Black "Dowling, James"]
[Result "0-1"]
[WhiteElo "1605"]
[BlackElo "1605"]
[PlyCount "106"]
[EventDate "1994.??.??"]

{2/(34)} 1. e4 c5 2. Nf3 Nc6 3. Nc3 d6 4. d3 g6 5. Be2 Bg7 6. Bd2 a6 7. O-O b5
8. b3 b4 9. Nd5 Bxa1 10. Qxa1 Nf6 11. Nxf6+ exf6 12. Bg5 Ne5 13. Nxe5 dxe5 14.
Be3 Qe7 15. Qc1 g5 16. c3 a5 17. cxb4 cxb4 18. Qc5 Qxc5 19. Bxc5 Ba6 20. Rd1
Rc8 21. d4 Bxe2 22. Rd2 Bb5 23. a4 bxa3 24. Bxa3 Rc3 25. h3 Rxb3 26. Ra2 exd4
27. Bc5 a4 28. Bxd4 Ke7 29. e5 Ke6 30. exf6 Rd8 31. Bb6 Rd1+ 32. Kh2 Bc4 33.
Rxa4 Rxb6 34. Rxc4 Kd5 35. Rc8 Rxf6 36. Rd8+ Rd6 37. Rh8 h6 38. Rh7 f5 39. g4
f4 40. Kg2 Kd4 41. Ra7 Kd3 42. Kf3 Re6 43. Ra3+ Kd2 44. Ra2+ Ke1 45. Kg2 Re2
46. Rxe2+ Kxe2 47. f3 Rf1 48. h4 Rf2+ 49. Kg1 gxh4 50. g5 hxg5 51. Kh1 Kxf3 52.
Kg1 Rb2 53. Kf1 Rb1# 0-1

[Event "Detroit (MCO/A/7/10)"]
[Site "?"]
[Date "1994.??.??"]
[Round "?"]
[White "Jaworowski, Andre"]
[Black "Steverson, Bunnard"]
[Result "1-0"]
[WhiteElo "1895"]
[BlackElo "1915"]
[PlyCount "47"]
[EventDate "1994.??.??"]

{7/(10)} 1. e4 d6 2. d4 Nf6 3. Nc3 g6 4. g3 Bg7 5. Bg2 O-O 6. f4 e5 7. Nf3 Nbd7
8. O-O Re8 9. fxe5 dxe5 10. d5 c6 11. Bg5 Qb6+ 12. Kh1 Qxb2 13. Qd2 Qb4 14.
Rae1 Qd6 15. Bh6 a6 16. h4 cxd5 17. Nxd5 Nxd5 18. exd5 e4 19. Bxg7 Kxg7 20.
Qd4+ Kg8 21. Ng5 Qxg3 22. Nxf7 Qxh4+ 23. Kg1 Re7 24. Qh8# 1-0

[Event "Detroit (MCO/A/1a/1)"]
[Site "?"]
[Date "1994.??.??"]
[Round "?"]
[White "Jaworowski, Andre"]
[Black "Santiago, Reynaldo"]
[Result "0-1"]
[WhiteElo "1895"]
[BlackElo "1995"]
[PlyCount "102"]
[EventDate "1994.??.??"]

1. e4 c5 2. Nf3 d6 3. d4 cxd4 4. Nxd4 Nf6 5. Nc3 a6 6. Bg5 e6 7. Qd2 Nbd7 8.
O-O-O Qc7 9. f4 b5 10. Bxf6 Nxf6 11. e5 dxe5 12. fxe5 Nd7 13. Nf3 Bb4 14. Bd3
Bb7 15. Rhe1 Bxf3 16. gxf3 Nxe5 17. Be4 Rc8 18. Qd4 Bxc3 19. bxc3 Qxc3 20. Qxc3
Rxc3 21. Rd6 O-O 22. f4 Ng6 23. f5 exf5 24. Bxf5 a5 25. Rd5 Rb8 26. Bd3 Nf4 27.
Rxb5 Nxd3+ 28. Kd2 Rbc8 29. cxd3 Rc2+ 30. Kd1 Rxa2 31. Re2 Ra1+ 32. Kd2 a4 33.
Ra5 h6 34. d4 Rcc1 35. d5 Rd1+ 36. Kc3 Ra3+ 37. Kb4 Rad3 38. Re8+ Kh7 39. Rd8
Kg6 40. Kxa4 Ra1+ 41. Kb4 Rxa5 42. Kxa5 Rb3 43. Rd6+ Kf5 44. Rb6 Rd3 45. d6 Ke6
46. d7+ Kxd7 47. Kb4 Rd2 48. Kc3 Rxh2 49. Kd4 Re2 50. Kd5 Ke7 51. Kd4 Re6 0-1

[Event "Detroit (MCO/A/3a/6)"]
[Site "?"]
[Date "1994.??.??"]
[Round "?"]
[White "Jaworowski, Andre"]
[Black "Mankiewicz, Ryan"]
[Result "0-1"]
[WhiteElo "1895"]
[BlackElo "1835"]
[PlyCount "58"]
[EventDate "1994.??.??"]

1. e4 e6 2. d4 d5 3. e5 c5 4. Be3 Qb6 5. b3 Nc6 6. Nf3 cxd4 7. Bxd4 Nxd4 8.
Nxd4 Bc5 9. c3 Ne7 10. Bb5+ Bd7 11. Bxd7+ Kxd7 12. O-O Bxd4 13. Qxd4 Qxd4 14.
cxd4 Rac8 15. Nd2 Rc2 16. Nf3 h6 17. Rfc1 Rhc8 18. Rxc2 Rxc2 19. a3 Nc6 20. b4
Rc4 21. Rd1 Rc3 22. b5 Na5 23. a4 Ra3 24. g4 Rxf3 25. Kg2 Ra3 26. h4 Rxa4 27.
b6 axb6 28. g5 hxg5 29. hxg5 Nc6 0-1

[Event "Detroit (MCO/A/6/12)"]
[Site "?"]
[Date "1994.??.??"]
[Round "?"]
[White "Jaworowski, Andre"]
[Black "Jendras, Gerard"]
[Result "0-1"]
[WhiteElo "1895"]
[BlackElo "1845"]
[PlyCount "86"]
[EventDate "1994.??.??"]

{6/(12)} 1. e4 e5 2. f4 Bc5 3. Nf3 d6 4. Nc3 Nf6 5. Bc4 Nc6 6. Na4 O-O 7. Nxc5
dxc5 8. d3 Bg4 9. c3 Na5 10. Bb3 Nxb3 11. axb3 Nd7 12. h3 Bxf3 13. Qxf3 f6 14.
f5 a5 15. O-O b6 16. Qg4 Kh8 17. Rf3 Qe8 18. Rg3 Qf7 19. Bd2 Nb8 20. b4 cxb4
21. cxb4 Nc6 22. bxa5 Nxa5 23. Bxa5 Rxa5 24. Rxa5 bxa5 25. h4 Rb8 26. Qe2 Qb3
27. Rf3 Qxb2 28. Qxb2 Rxb2 29. Rf1 Rb7 30. Ra1 Ra7 31. g4 Kg8 32. g5 a4 33. Kf2
a3 34. Ke3 c5 35. Kd2 fxg5 36. hxg5 Kf7 37. Kc3 Ke7 38. Kc4 Kd6 39. Kb3 a2 40.
Rxa2 Rxa2 41. Kxa2 h5 42. gxh6 gxh6 43. Kb2 h5 0-1

[Event "Detroit (MCO/DEU/1a/8)"]
[Site "?"]
[Date "1994.??.??"]
[Round "?"]
[White "Jarvis, K."]
[Black "Martell, Raul"]
[Result "0-1"]
[WhiteElo "1605"]
[BlackElo "1605"]
[PlyCount "50"]
[EventDate "1994.??.??"]

1. e4 e5 2. Nf3 Nc6 3. Bc4 Nf6 4. O-O Bc5 5. d3 d6 6. Re1 O-O 7. c3 Re8 8. b3
a6 9. b4 Ba7 10. Bb2 b5 11. Bb3 Ne7 12. d4 exd4 13. Nxd4 c5 14. Nf3 c4 15. Bc2
Qb6 16. Re2 Ng6 17. h3 Bb7 18. Nbd2 Ne5 19. Nxe5 Rxe5 20. Nf3 Re6 21. Qe1 Rae8
22. Rd1 Bxe4 23. Bxe4 Nxe4 24. Nd2 Ng3 25. Re3 Rxe3 0-1

[Event "Detroit (MCO/DEU/7/17)"]
[Site "?"]
[Date "1994.??.??"]
[Round "?"]
[White "Jarvis, K."]
[Black "Chisholm, D."]
[Result "0-1"]
[WhiteElo "1605"]
[BlackElo "1605"]
[PlyCount "54"]
[EventDate "1994.??.??"]

{7/(17)} 1. e4 e5 2. Nf3 Nc6 3. Bc4 h6 4. d3 Nf6 5. Nc3 Bc5 6. O-O O-O 7. Qe2
d6 8. Nb5 a6 9. Nc3 Nd4 10. Nxd4 exd4 11. Nd5 b6 12. Nf4 Qe7 13. Re1 Bb4 14.
Bd2 Bc5 15. c3 b5 16. cxd4 Bxd4 17. Bb3 Bxb2 18. Rab1 Bd4 19. Bb4 Ng4 20. Red1
Nxf2 21. Re1 Nxd3+ 22. Kf1 Nxf4 23. Rbd1 Nxe2 24. Rxe2 Qf6+ 25. Ke1 Bg4 26.
Red2 Bxd1 27. Rxd1 Qf2# 0-1

[Event "Detroit (MCO/DEU/3a/12)"]
[Site "?"]
[Date "1994.??.??"]
[Round "?"]
[White "Jarvis, K."]
[Black "Calugaru, P."]
[Result "0-1"]
[WhiteElo "1605"]
[BlackElo "1605"]
[PlyCount "80"]
[EventDate "1994.??.??"]

1. e4 e5 2. Nf3 Nc6 3. Bb5 a6 4. Ba4 Nf6 5. O-O Be7 6. Nc3 O-O 7. d3 b5 8. Bb3
d6 9. Be3 Na5 10. Bd5 Nxd5 11. Nxd5 c6 12. Nb6 Rb8 13. Nxc8 Rxc8 14. c3 Qc7 15.
Rc1 Nb7 16. d4 Nd8 17. Qd3 Ne6 18. d5 cxd5 19. exd5 Nf4 20. Bxf4 exf4 21. Rfe1
b4 22. Qe4 Rfe8 23. a3 Bf8 24. Qxf4 Rxe1+ 25. Rxe1 bxc3 26. Qc1 c2 27. Nd4 g6
28. Re2 Qc4 29. h3 Qxd4 30. Rxc2 Rxc2 31. Qxc2 Qxd5 32. b4 h6 33. a4 Kh7 34.
Qb2 Bg7 35. Qa3 Be5 36. Qc1 Qb3 37. b5 axb5 38. a5 Qa4 39. Qe1 b4 40. f4 Bxf4
0-1

[Event "Detroit (MI Op/5/15)"]
[Site "?"]
[Date "1994.??.??"]
[Round "?"]
[White "Jarosz, Stan"]
[Black "Ward, Tim"]
[Result "1-0"]
[WhiteElo "2085"]
[BlackElo "1860"]
[PlyCount "72"]
[EventDate "1994.??.??"]

{5/(15)} 1. d4 f5 2. Nc3 Nf6 3. Bg5 d5 4. Bxf6 exf6 5. e3 Be6 6. Qf3 c6 7. Bd3
g6 8. Nge2 Bd6 9. h3 Nd7 10. g4 fxg4 11. hxg4 Qe7 12. Bxg6+ Bf7 13. Rxh7 Rxh7
14. Bxh7 O-O-O 15. Bf5 Kb8 16. O-O-O Nb6 17. Rh1 Nc4 18. Nd1 Ba3 19. c3 Bxb2+
20. Kc2 Qa3 21. Qf4+ Ka8 22. Qc7 Rf8 23. Bd3 Bg6 24. Bxg6 Qxa2 25. Nc1 Na3+ 26.
Kd2 Nc4+ 27. Ke2 Bxc1+ 28. Kf3 Qd2 29. Bf5 Ba3 30. Kg2 Bd6 31. Qg7 a5 32. Rh7
Rb8 33. Bc8 Bf8 34. Bxb7+ Ka7 35. Qc7 Bd6 36. Qxc6 Nb6 1-0

[Event "Detroit (MI Op/4/17)"]
[Site "?"]
[Date "1994.??.??"]
[Round "?"]
[White "Jarosz, Stan"]
[Black "Thomas, Henry"]
[Result "1/2-1/2"]
[WhiteElo "2085"]
[BlackElo "1840"]
[PlyCount "44"]
[EventDate "1994.??.??"]

{4/(17)} 1. d4 f5 2. Nc3 Nf6 3. Bg5 e6 4. e4 fxe4 5. Nxe4 Be7 6. Bxf6 Bxf6 7.
Nf3 O-O 8. Bd3 Nc6 9. c3 d5 10. Nxf6+ Qxf6 11. O-O e5 12. Nxe5 Nxe5 13. dxe5
Qxe5 14. Qc2 Bf5 15. Rae1 Bxd3 16. Qxd3 Qf5 17. Qd4 c6 18. Re7 Rf7 19. Qb4 b6
20. Qd6 Rf6 21. Qc7 Rg6 22. Qb7 Rxg2+ 1/2-1/2

[Event "Detroit (MI Op/2/20)"]
[Site "?"]
[Date "1994.??.??"]
[Round "?"]
[White "Jarosz, Stan"]
[Black "Grams, Paul"]
[Result "1-0"]
[WhiteElo "2085"]
[BlackElo "1800"]
[PlyCount "85"]
[EventDate "1994.??.??"]

{2/(20)} 1. d4 Nf6 2. Nf3 g6 3. Bf4 Bg7 4. h3 c5 5. e3 Nd5 6. Bh2 O-O 7. c3
cxd4 8. exd4 d6 9. Be2 Nd7 10. O-O Bh6 11. Re1 Nf4 12. Bf1 a6 13. a4 Nb6 14.
Nbd2 Bd7 15. a5 Nbd5 16. Qb3 Bc6 17. c4 Nc7 18. d5 Bd7 19. Qxb7 Rb8 20. Qa7 e5
21. dxe6 fxe6 22. Qd4 Bc6 23. Rab1 e5 24. Qc3 Nce6 25. b4 Bg7 26. Qa3 Ng5 27.
b5 Nfxh3+ 28. gxh3 Bxf3 29. h4 e4 30. Qxd6 Bc3 31. Qxd8 Rbxd8 32. hxg5 Bxd2 33.
b6 Rf5 34. b7 Rxg5+ 35. Bg3 Bf4 36. Bg2 Bxg3 37. Bxf3 exf3 38. fxg3 Rf5 39. Re6
Rb8 40. Rxa6 Rf7 41. Ra8 Rff8 42. Rxb8 Rxb8 43. a6 1-0

[Event "Detroit (MI Op/7/16)"]
[Site "?"]
[Date "1994.??.??"]
[Round "?"]
[White "Jarosz, Stan"]
[Black "Golonka, Stan"]
[Result "1/2-1/2"]
[WhiteElo "2085"]
[BlackElo "1935"]
[PlyCount "72"]
[EventDate "1994.??.??"]

{7/(16)} 1. d4 c5 2. d5 e5 3. e4 Nf6 4. Nc3 d6 5. Bd3 Nbd7 6. Nf3 Be7 7. O-O
Nf8 8. Nd2 Ng6 9. Re1 a6 10. a4 b6 11. Nc4 h6 12. Ne3 Nf4 13. Bf1 g6 14. h3 Bd7
15. Ng4 Nxg4 16. hxg4 g5 17. Be2 Qc8 18. f3 Nxe2+ 19. Nxe2 b5 20. axb5 axb5 21.
Rxa8 Qxa8 22. Ng3 f6 23. Be3 Kf7 24. Kf2 Qa2 25. Qc1 Ra8 26. Rh1 Bf8 27. Nf5
Bxf5 28. gxf5 Bg7 29. g3 Ra4 30. g4 Rb4 31. Qb1 Qxb2 32. Qxb2 Rxb2 33. Rc1 Bf8
34. Bd2 b4 35. Ke2 Be7 36. Kd3 Ke8 1/2-1/2